| 000 | 01863cam a2200373Ma 4500 | ||
|---|---|---|---|
| 999 |
_c5166 _d5166 |
||
| 001 | .b25932159 | ||
| 003 | OCoLC | ||
| 005 | 20250815105031.0 | ||
| 008 | 161125s2010 enk 000 1 eng | ||
| 020 |
_a9780007350773 _q(pbk.) |
||
| 020 | _a0007350775 | ||
| 035 | _a(OCoLC)692072650 | ||
| 040 |
_aAU@ _beng _cAU@ _dYDXCP _dUKMGB _dOCLCO _dBTCTA _dUA@ _dOCLCF _dCHVBK _dOCLCO _dATMAZ _dOCLCO _dOCLCQ _dOCLCO _dRDI _dKH8 |
||
| 042 | _anbic | ||
| 043 | _ae-uk-en | ||
| 082 | 0 | 4 |
_a823.7 AUS _222 |
| 100 | 1 |
_aAusten, Jane, _eauthor. |
|
| 245 | 1 | 0 |
_aPride and prejudice / _cJane Austen. |
| 260 |
_aLondon : _bHarper Press, _c2010. |
||
| 300 |
_aviii, 402 pages ; _c18 cm. |
||
| 336 |
_atext _btxt _2rdacontent. |
||
| 337 |
_aunmediated _bn _2rdamedia. |
||
| 338 |
_avolume _bnc _2rdacarrier. |
||
| 490 | 0 | _aCollins classics. | |
| 520 | _aElizabeth Bennet, full of vivacity and wit, lives a quiet country existence with her four sisters. To the delight of their mother, determined to find her daughters suitable of their mother, determined to find her daughters suitable matches, the eligible Mr Darcy and Mr Bingley arrive in the neighbourhood, bringing with them dancing, welth and opportunity. Unimoressed at first by Darcy's haughty air, Elizabeth vows to have nothing to do woth him. But as she makes her own errors of judgement, the pair begin to understand each other, and come to relise that first impressions are not always as they seem. | ||
| 650 | 0 |
_aSocial classes _zEngland _xHistory _vFiction. |
|
| 650 | 0 |
_aGentry _zEngland _vFiction. |
|
| 651 | 0 |
_aEngland _xSocial life and customs _y19th century _vFiction. |
|
| 651 | 7 |
_aEngland _xSocial life and customs _y19th century _vFiction. _0(DE-588)4014770-8 _2gnd. |
|
| 655 | 7 |
_aFiction. _2fast _0(OCoLC)fst01423787. |
|
| 655 | 7 |
_aHistory. _2fast _0(OCoLC)fst01411628. |
|
| 655 | 7 |
_aClassic. _2lcgft. |
|
| 942 |
_2ddc _cCSN |
||